000 00713nam a22002177a 4500
003 UA-OsUOA
001 81895
007 ta
008 20120209b un ||||| |||| 00| 0 ukr d
100 _aКалачова І.В.
090 _a330(477)
_bК17
942 _cSA
040 _aUA-OsUOA
_bukr
_cUA-OsUOA
_dUA-OsUOA
245 _aСтатистика економіки інформаційних технологій: концептуально-методологічна схема вимірювання
300 _aС.7-16
955 _a0
041 _aukr
080 _a330(477)
773 0 _w81893
_tСтатистика України
_dК.
_d2011
_g4
650 7 _a330 Економіка взагалі
_2UDC
999 _c368205
_d368205